| 000 | 00735cab a2200229 4500 | ||
|---|---|---|---|
| 001 | WB3415-43 | ||
| 008 | 090401t1998 xxu||||| |||| 00| 0 eng d | ||
| 035 | _a(Sirsi) u85751 | ||
| 041 | _aeng | ||
| 245 | _aNorthern housing market | ||
| 260 | _c1998 | ||
| 350 | _a0 | ||
| 490 |
_aRICS Press Release _v(pr48.res) 20 April 1998, (2) |
||
| 520 | _aThe housing market in the north is making progress and keeping up the pace with the national housing market, according to the "RICS Special Report" March 1998. | ||
| 650 | _aHOUSING MARKET | ||
| 650 | _aNORTH OF ENGLAND | ||
| 650 | _aNORTH | ||
| 650 | _aRICS SURVEY | ||
| 690 | _aPROPERTY-RESIDENTIAL PROPERTY-RESIDENTIAL PROPERTY MARKET | ||
| 942 | _n0 | ||
| 948 | _c22/04/1998 | ||
| 999 |
_c53942 _d53942 |
||